000 00395nam a22001217a 4500
082 _a200 THE
100 _aKASHIF AKRAM
_915492
245 _aTH-SOF-1273-Optimally Solving Job Shop Scheduling Problem (JSSP) through a Heuristic Based Approach
260 _aIslamabad
_bNUST College of EME
_c2016
650 _a MS-MTS-78 MSTHESIS
700 _aSupervisor DR. KHURRUM KAMAL
_970137
942 _cCF
999 _c577168
_d577168